000 00288nam a22001097a 4500
082 _a355.02 HAR'D
100 _aHART, B. H LIDDELL
_946426
245 _aTHE DECISIVE WARS OF HISTORY, A STUDY IN STATEGY
260 _aRAWALPINDI
_bARMY EDUCATION PRESS
_c1990
300 _a242P
942 _cBK
999 _c574600
_d574600